000 00332nam a2200157Ia 4500
008 210210b1952 xxu||||| |||| 00| 0 eng d
041 _aeng
082 _a828/245
100 _aGARRETT (G)
245 _aWild wheel
260 _aLondon
_b-
_c1952
650 _aWild
650 _awheel
690 _aBiography
906 _a016090
999 _c135480
_d135480